| 000 | 00687nam a2200181Ia 4500 | ||
|---|---|---|---|
| 008 | 100920s9999 xx 000 0 und d | ||
| 082 |
_b68981 _a55 थ 60 |
||
| 100 | _aबोकील वि.पां. | ||
| 245 | _aशिक्षणाचें तत्त्वज्ञान. | ||
| 260 |
_bचित्रशाळा प्रकाशन,पुणे.2. _c1960 |
||
| 300 |
_a356 _bसाधी |
||
| 365 | _b12.5 | ||
| 520 | _aशैक्षणिक. | ||
| 630 | _aशिक्षणाचें तत्त्वज्ञान. | ||
| 650 | _aशैक्षणिक. | ||
| 730 | _aशिक्षणाचें तत्त्वज्ञान. | ||
| 942 | _cBOOK | ||
| 999 |
_c711216 _d711213 |
||